Menace of mooply beetles (Lypropos curticollis Frm.) near rubber plantations and their control (Record no. 52540)

MARC details
000 -LEADER
fixed length control field 00632nam a2200169Ia 4500
100 ## - MAIN ENTRY--AUTHOR NAME
Personal name Jose V.T.
245 #0 - TITLE STATEMENT
Title Menace of mooply beetles (Lypropos curticollis Frm.) near rubber plantations and their control
260 ## - PUBLICATION, DISTRIBUTION, ETC. (IMPRINT)
Name of publisher In: Preprints of Papers. International Natural Rubber Conference, India 2005, 6-8 November 2005, Rubber Research Institute of India, Kottayam, Kerala, India, pp. 531-533.
Year of publication 2005
650 ## - SUBJECT ADDED ENTRY--TOPICAL TERM
Topical Term Beetles control
650 ## - SUBJECT ADDED ENTRY--TOPICAL TERM
Topical Term Insecticide
650 ## - SUBJECT ADDED ENTRY--TOPICAL TERM
Topical Term Mooply beetle
650 ## - SUBJECT ADDED ENTRY--TOPICAL TERM
Topical Term Pest
650 ## - SUBJECT ADDED ENTRY--TOPICAL TERM
Topical Term Rubber plantation
700 ## - ADDED ENTRY--PERSONAL NAME
Personal name Thankamony S.
942 ## - ADDED ENTRY ELEMENTS (KOHA)
Koha item type Bibliography STAF
Holdings
Withdrawn status Lost status Damaged status Not for loan Home library Current library Date acquired Koha item type
      Bibliography RRII Library RRII Library 09/04/2014 Bibliography STAF